000 00413 a2200145 4500
999 _c990
_d990
020 _a8178088592
050 _aGB 401.5 BLO 2003
100 _aBloom,Arthur L
_eauthor
245 _aGeomorphology:
_bAsystematic analysis of late Cenozoic Landforms/
_cArthur l,Bloom
264 _aDelhi:
_bPearson,
_c1998
300 _a486p.
500 _aincludes index
650 _aGweomorphology
942 _2lcc
_cBK
_h401.5
_iBLO
_k2003